A starlit somersault downhill / (Record no. 6964)
[ view plain ]
| 000 -LEADER | |
|---|---|
| fixed length control field | 01020nam a22003017a 4500 |
| 001 - CONTROL NUMBER | |
| control field | 6964 |
| 003 - CONTROL NUMBER IDENTIFIER | |
| control field | FISKH |
| 005 - DATE AND TIME OF LATEST TRANSACTION | |
| control field | 20250612093249.0 |
| 008 - FIXED-LENGTH DATA ELEMENTS--GENERAL INFORMATION | |
| fixed length control field | 250612b cb ||||| |||| 00| 0 eng d |
| 020 ## - INTERNATIONAL STANDARD BOOK NUMBER | |
| International Standard Book Number | 9780316941297 |
| 040 ## - CATALOGING SOURCE | |
| Original cataloging agency | FISKH |
| Language of cataloging | eng |
| Transcribing agency | FISKH |
| Modifying agency | FISKH |
| 050 ## - LIBRARY OF CONGRESS CALL NUMBER | |
| Classification number | PZ8.W668 |
| 082 ## - DEWEY DECIMAL CLASSIFICATION NUMBER | |
| Classification number | 434 |
| 100 ## - MAIN ENTRY--PERSONAL NAME | |
| Personal name | Willard, Nancy |
| Dates associated with a name | (1936–2017) |
| 245 ## - TITLE STATEMENT | |
| Title | A starlit somersault downhill / |
| Statement of responsibility, etc. | By Nancy Willard ; Illustrated by Jerry Pinkney |
| 250 ## - EDITION STATEMENT | |
| Edition statement | This edition first published in 1993 |
| 260 ## - PUBLICATION, DISTRIBUTION, ETC. | |
| Place of publication, distribution, etc. | Hong Kong : |
| Name of publisher, distributor, etc. | Little Brown, |
| Date of publication, distribution, etc. | 1993 |
| 300 ## - PHYSICAL DESCRIPTION | |
| Extent | 32 unnumbered pages : |
| Other physical details | color illustrations ; |
| Dimensions | 28 cm |
| 505 ## - FORMATTED CONTENTS NOTE | |
| Formatted contents note | G<br/> |
| 520 ## - SUMMARY, ETC. | |
| Summary, etc. | Having made a plan to spend the winter with Bear napping in a cozy cave, Rabbit finds himself too energetic to sleep and decides to join the world outside.<br/> |
| 521 8# - TARGET AUDIENCE NOTE | |
| Target audience note | 380<br/> |
| Source | Lexile<br/> |
| 521 8# - TARGET AUDIENCE NOTE | |
| Target audience note | G<br/> |
| Source | Raz-Plus<br/> |
| 650 ## - SUBJECT ADDED ENTRY--TOPICAL TERM | |
| Source of heading or term | Animals |
| Topical term or geographic name entry element | Hibernation |
| 650 ## - SUBJECT ADDED ENTRY--TOPICAL TERM | |
| Source of heading or term | Winter |
| Topical term or geographic name entry element | Rabbits |
| 700 ## - ADDED ENTRY--PERSONAL NAME | |
| Personal name | Pinkney, Jerry |
| Dates associated with a name | illustrator |
| 942 ## - ADDED ENTRY ELEMENTS (KOHA) | |
| Source of classification or shelving scheme | Dewey Decimal Classification |
| Koha item type | Books |
| Suppress in OPAC | No |
| Withdrawn status | Lost status | Source of classification or shelving scheme | Damaged status | Not for loan | Collection | Home library | Current library | Shelving location | Date acquired | Total Checkouts | Full call number | Barcode | Date last seen | Copy number | Price effective from | Koha item type |
|---|---|---|---|---|---|---|---|---|---|---|---|---|---|---|---|---|
| Dewey Decimal Classification | Juvenile Fiction | Footprints International School Library Network Toul Tom Poung Campus | Footprints International School Library Network Toul Tom Poung Campus | TTP Primary Dark Blue Bookshelves | 06/12/2025 | WIL 434 PZ8.W668 S | 2025-1592 | 06/12/2025 | 1 | 06/12/2025 | Books |
